Can you name all of Taylor Swift's (from the vault) tracks? - Statistics

General Stats
  • This quiz has been taken 97 times
  • The average score is 21 of 26
Answer Stats
Answer % Correct
Is It Over Now?
94%
I Can See You
93%
"Slut!"
93%
Timeless
93%
Now That We Don't Talk
91%
All Too Well (10 Minute Version)
88%
Mr. Perfectly Fine
88%
Suburban Legends
88%
When Emma Falls In Love
88%
Electric Touch
86%
Say Don't Go
86%
Castles Crumbling
84%
Foolish One
83%
Run
80%
Message In A Bottle
79%
I Bet You Think About Me
77%
That's When
77%
Bye Bye Baby
75%
Babe
74%
Forever Winter
74%
Better Man
73%
The Very First Night
72%
Nothing New
69%
Don't You
68%
You All Over Me
65%
We Were Happy
63%
No matching quizzes found
Score Distribution
Percent of People with Each Score
Percentile by Number Answered
Your Score History
You have not taken this quiz